| 000 | 00361nam a2200121Ia 4500 | ||
|---|---|---|---|
| 008 | 220216s9999 xx 000 0 und d | ||
| 100 |
_aYamada Y _cet al |
||
| 245 | 0 | _aRupture of filler loaded rubber vulcanizate | |
| 260 |
_bJournal of applied polymer science: Applied polymer symposia _c1992 |
||
| 300 | _a295-308 | ||
| 650 | _aRubber vulcanizate | ||
| 942 | _cJS | ||
| 999 |
_c68360 _d68360 |
||